Upanyāsa-pāṭhera bhūmikā. (Record no. 56458)

MARC details
000 -LEADER
fixed length control field 00569cam a22002291 4500
001 - CONTROL NUMBER
control field sa 64000852
003 - CONTROL NUMBER IDENTIFIER
control field DLC
005 - DATE AND TIME OF LATEST TRANSACTION
control field 20260227111959.0
008 - FIXED-LENGTH DATA ELEMENTS--GENERAL INFORMATION
fixed length control field 940930s1962 ii 000 1 beno
010 ## - LIBRARY OF CONGRESS CONTROL NUMBER
LC control number sa 64000852
025 ## - OVERSEAS ACQUISITION NUMBER
Overseas acquisition number PL480:I-B-90
035 ## - SYSTEM CONTROL NUMBER
System control number (OCoLC)31205789
040 ## - CATALOGING SOURCE
Original cataloging agency DLC
Transcribing agency CU
Modifying agency CU
-- DLC
042 ## - AUTHENTICATION CODE
Authentication code premarc
050 00 - LIBRARY OF CONGRESS CALL NUMBER
Classification number PN3459.B4
Item number C45
100 1# - MAIN ENTRY--PERSONAL NAME
Personal name Chatterjee, Sisir.
245 10 - TITLE STATEMENT
Title Upanyāsa-pāṭhera bhūmikā.
260 ## - PUBLICATION, DISTRIBUTION, ETC.
Date of publication, distribution, etc. [1962]
300 ## - PHYSICAL DESCRIPTION
Extent 156 p.
Dimensions 22 cm.
500 ## - GENERAL NOTE
General note In Bengali.
650 #0 - SUBJECT ADDED ENTRY--TOPICAL TERM
Topical term or geographic name entry element Fiction
General subdivision History and criticism.

No items available.

Powered by Koha